000 00630nam a2200241Ia 4500
008 160819s9999 xx 000 0 und d
020 _a1-84172-399-1
050 _aCUL TX 723
050 _b.C53 2003
100 _aClark, Maxine.
245 _aBruschetta :
245 _bcrostini and other italian snacks /
245 _cMaxine Clark; photography by Gus Filgate.
260 _aLondon :
260 _bRyland Peters & Small,
260 _c2003
300 _a64 pages :
300 _bcolor illustrations ;
300 _c19 cm.
500 _aIncludes index.
650 _aCooking, Italian.
650 _xAppetizers.
999 _c300726
_d300726